|
|
|
|
| LEADER |
00000cam a2200000 a 4500 |
| 001 |
18108 |
| 003 |
CZ-ZlUTB |
| 005 |
20220405143034.0 |
| 007 |
ta |
| 008 |
021018s2002 xr k e 000 0 cze |
| 952 |
|
|
|0 0
|1 0
|4 0
|6 657POKORNÁP
|7 0
|8 BOOK
|9 31280
|a UTBZL
|b UTBZL
|c 030
|d 2006-07-29
|l 0
|o 657/POKORNÁ,P.
|p 420010077609
|r 2019-08-25 00:00:00
|v 199.00
|w 2019-08-25
|x N:nákup, převod z FaME Paseková 25.6.2015; | 20100430
|y 05
|
| 999 |
|
|
|c 18108
|d 18108
|
| 015 |
|
|
|a cnb001185390
|
| 020 |
|
|
|a 8072631373
|q (brož.)
|
| 035 |
|
|
|a (OCoLC)53264754
|
| 040 |
|
|
|a BOA001
|b cze
|d ABA001
|
| 043 |
|
|
|a e-xr---
|
| 072 |
|
7 |
|a 657
|x Účetnictví
|2 Konspekt
|9 4
|
| 080 |
|
|
|a 336.745
|2 MRF
|
| 080 |
|
|
|a 657
|2 MRF
|
| 080 |
|
|
|a (437.3)
|2 MRF
|
| 080 |
|
|
|a (035)
|2 MRF
|
| 100 |
1 |
|
|a Čouková, Pěva,
|d 1959-
|7 xx0009073
|4 aut
|
| 245 |
1 |
0 |
|a Účtování v cizích měnách /
|c Pěva Pokorná
|
| 260 |
|
|
|a Olomouc :
|b ANAG,
|c 2002
|
| 300 |
|
|
|a 199 s. :
|b formuláře ;
|c 21 cm
|
| 490 |
1 |
|
|a Účetnictví
|
| 504 |
|
|
|a Obsahuje bibliografické odkazy
|
| 650 |
0 |
7 |
|a devizy
|7 ph119409
|2 czenas
|
| 650 |
0 |
7 |
|a účetnictví
|7 ph116911
|z Česko
|2 czenas
|
| 650 |
0 |
9 |
|a accounting
|z Czechia
|2 eczenas
|
| 650 |
0 |
9 |
|a foreign exchange
|2 eczenas
|
| 655 |
|
7 |
|a příručky
|7 fd133209
|2 czenas
|
| 655 |
|
9 |
|a handbooks, manuals, etc.
|2 eczenas
|
| 830 |
|
0 |
|a Účetnictví (ANAG)
|
| 910 |
|
|
|a ZLD002
|
| 942 |
|
|
|2 udc
|
| 992 |
|
|
|a BK
|b SK
|